02844nam a2200529Ia 45000010005000000080041000050100009000460410014000550820008000692450194000772600013002713000008002845200006002926300024002986300032003226500045003546900016003997000035004157000034004507000046004849010089005309020006006199030043006259040018006689050063006869060006007499070014007559080014007699090051007839100015008349110010008499120014008599130009008739140024008829150009009069160009009159170009009249180025009339190017009585201280009759210007022559220007022629230006022699240014022759420010022899990015022992187241029s9999 xx 000 0 und d a2049 aEspañol a7-A 0aPrograma de apoyo a adolescentes embarazadas que asisten a la consulta del Departamento de Salud Integral del Hospital José María Cabral y Báez de Santiago, en el Período, 2006-2008 aSantiago a112 a1 aEducación y Salud aEmbarazo en la Adolescencia aEjes Transversales (Educación y Salud) aSintetizado easesoraContreras, Ana Dolores eautoraPeña Polanco, Manuel eautoraRosario Filión, Rómula Eradina a{"1":"Peña Polanco","2":"Rosario Filión"}b{"1":"Manuel","2":"Rómula Eradina"} a1 a{"1":"Contreras"}b{"1":"Ana Dolores"} aMaestría en aOrientación Educativa e Intervención Psicopedagógica a2 aNO APLICA aNO APLICA aUniversidad Autónoma de Santo Domingo (UASD) aNULLbNULL a["1"] aNO APLICA aNULL a01 de Julio de 2009 aNULL aNULL aNULL aEducación especial a["315","87"] aLa experiencia y evidencias cualitativas producidas a través de la realización de este trabajo de investigación acción, permitieron desarrollar un adecuado programa de investigación, con la finalidad de mejorar la calidad de vida de las adolescentes embarazadas y apoyar el programa de Salud Integral que funciona en el Hospital José María Cabral y Báez de Santiago, en el Período, 2006-2008.El esquema de investigación estuvo basado en el modelo Kurt Lewin, que implica un espiral de ciclos y fases desarrolladas a través de cuatro etapas: inicial o diagnóstica, preparatoria de la investigación y final.El universo comprende las adolescentes embarazadas que asistieron a la consulta del Departamento de Salud Integral del Hospital, donde se tomó una muestra de 12 de las asistentes.El estudio realizado conduce a presentar recomendaciones o propuestas de cambios en el orden de que se implemente en las escuelas un programa de educación sexual preventivo, que se adapte a la realidad biopsicosocial de la población adolescente, de tal manera que las adolescentes reciban atención, orientación y educación en los hospitales periféricos y, además, se le de apertura al programa en los diferentes hospitales de la provincia del Cibao. a16 a16 a0 aNO APLICA cTesis c2049d2049